The Oxford English-Arabic dictionary of current usage
Αποθηκεύτηκε σε:
| Άλλοι συγγραφείς: | |
|---|---|
| Μορφή: | Βιβλίο |
| Γλώσσα: | English Arabic |
| Δημοσίευση: |
Oxford :
Clarendon,
1993
|
| Θέματα: | |
| Ετικέτες: |
Προσθήκη ετικέτας
Δεν υπάρχουν, Καταχωρήστε ετικέτα πρώτοι!
|
MARC
| LEADER | 00000cam a2200000 i 4500 | ||
|---|---|---|---|
| 001 | 1/9784 | ||
| 008 | 970320s1993 eng d | ||
| 020 | |a 0-19-864312-8 | ||
| 035 | |l 10017615 | ||
| 040 | |a GR-MY-UA |b gre |e aacr | ||
| 041 | 0 | |a eng |a ara | |
| 082 | 0 | |a 423.927 | |
| 245 | 1 | 4 | |a The Oxford English-Arabic dictionary of current usage / |c Edited by N. S. Doniach |
| 260 | |a Oxford : |b Clarendon, |c 1993 | ||
| 300 | |a 1392 p. | ||
| 650 | 0 | 0 | |a English language |x Dictionaries |x Arabic. |
| 700 | 1 | |a Doniach, N. S. |4 edt | |
| 852 | |a INST |b LESVOS |e 19970320 |h 423.927 OXF |p 005100019272 |q 005100019272 |t REF |y 23 | ||
| 909 | |a Λ |b 049575 | ||